Idea Decoration : Bed Room's (Record no. 10363)

MARC details
000 -LEADER
fixed length control field 00363nam a2200145Ia 4500
008 - FIXED-LENGTH DATA ELEMENTS--GENERAL INFORMATION
fixed length control field 220803s9999 xx 000 0 und d
041 ## - LANGUAGE CODE
Language code of text/sound track or separate title eng
082 ## - DEWEY DECIMAL CLASSIFICATION NUMBER
Classification number 729 IDE
100 ## - MAIN ENTRY--PERSONAL NAME
Personal name Idea Books
9 (RLIN) 13273
245 ## - TITLE STATEMENT
Title Idea Decoration : Bed Room's
260 ## - PUBLICATION, DISTRIBUTION, ETC. (IMPRINT)
Place of publication, distribution, etc. New York
Name of publisher, distributor, etc. Idea Book
Date of publication, distribution, etc. 1994
300 ## - PHYSICAL DESCRIPTION
Extent 169p
500 ## - GENERAL NOTE
Keywords Architecture
650 ## - SUBJECT ADDED ENTRY--TOPICAL TERM
Topical term or geographic name as entry element Interior Design
9 (RLIN) 13274
Holdings
Withdrawn status Lost status Damaged status Not for loan Collection code Home library Current library Shelving location Date acquired Vendor Cost, normal purchase price Total Checkouts Full call number Barcode Date last seen Cost, replacement price Bill Date Koha item type Original Barcode
        Book M arch LA Dr. Bhanuben Nanavati College of Architecture Dr. Bhanuben Nanavati College of Architecture   25/05/1998 Book Space 871.00   729 IDE BNCA-BK-2287 03/08/2022 1025.00 02/04/1998 Books B002287